دراسة تطبيقة لإعادة هندسة العمليات الإدارية الهندرة في المصارف في قطاع غزة /
Saved in:
| Main Author: | |
|---|---|
| Other Authors: | |
| Format: | Thesis |
| Language: | Arabic |
| Published: |
Ghazzah :
al-Jami'ah al-Islamiyah,
2006
|
| Subjects: | |
| Tags: |
Add Tag
No Tags, Be the first to tag this record!
|
| LEADER | 017840000a22003250004500 | ||
|---|---|---|---|
| 008 | 120105s2006 gz f a 000 0 ara d | ||
| 040 | |a UIAM |b eng | ||
| 041 | |a ara | ||
| 050 | 0 | 0 | |a HD58.87 |
| 100 | 1 | |a آغا، مرام إسماعيل |9 115529 | |
| 242 | 1 | 0 | |a Dirasah tatbiqiyah li-i'adat handasat al-'umliyat al-idariyah "al-handarah" fi al-masarif fi Qata' Ghazzah |
| 245 | 1 | 0 | |a دراسة تطبيقة لإعادة هندسة العمليات الإدارية الهندرة في المصارف في قطاع غزة / |c إعداد الطالبة، مرام إسماعيل الأغا؛ تحت إشراف محمد إبراهيم المدهون |
| 260 | |a Ghazzah : |b al-Jami'ah al-Islamiyah, |c 2006 | ||
| 300 | |a xii, 136 leaves |c 30 cm. | ||
| 336 | |2 rdacontent | ||
| 337 | |2 rdamedia | ||
| 338 | |2 rdacarrier | ||
| 500 | |a "قدمت هذه الرسالة استكمالا لمتطلبات الحصول على درجة الماجستير في ادارة الأعمال "On t.p. | ||
| 500 | |a Abstract in English and Arabic. | ||
| 502 | |a Thesis (M.A.)--Jami'at al-Islamiyah Ghazzah. | ||
| 504 | |a Includes bibliographical references (leaves 119-128). | ||
| 650 | 0 | |a Banks and banking |z Palestine Gaza Strip |9 91490 | |
| 650 | 0 | |a Reengineering (Management) |z Palestine Gaza Strip |9 115530 | |
| 655 | |a Theses, Facsimile edition (Islamic) | ||
| 700 | 1 | |a Agha, Maram Isma'il |9 115531 | |
| 900 | |a arf-ls | ||
| 942 | |2 lcc |n 0 | ||
| 999 | |c 434330 |d 463200 | ||
| 952 | |0 0 |6 TI HD 000058.87 A266D 2006 |7 0 |8 THESES |9 756807 |a IIiBFL |b IIiBFL |c CLOSEACCES |g 238.50 |o ti HD 58.87 A266D 2006 |p 00011217310 |r 2017-11-01 |t 1 |v 238.50 |y THESIS | ||
| 952 | |0 0 |6 TI HD 000058.87 A266D 2006 |7 0 |8 THESES |9 756990 |a IIUM |b IIUM |c MULTIMEDIA |g 238.50 |o ti HD 58.87 A266D 2006 |p 00011217311 |r 2017-10-23 |t 1 |v 238.50 |y THESIS | ||
